00602 2200229 4500001002100000005001500021008004100036020002200077035001900099041000700118082001000125090001600135100001900151700001700170700000900187700001900196245002400215250000600239260004200245300003500287650005000322INLIS00000000003202520241224133331241224||||||||| | ||| |||| || |  a978-623-00-2189-3 0010-1224032025 aid0 a741.5 a741.5 WOO s0 aWoo Young, Lim0 aDian Susanti0 aDina0 aTae Young, Lee00aSuper robot science a1 aJakartabElex Media Komputindo,c2021 a175 halaman.:ilustrasi.;22 cm. 0aIlmu Pengetahuan -- Komik Sains -- komik anak